Which is Smaller?- Sudden Death - Statistics

General Stats
  • This quiz has been taken 291 times
  • The average score is 4 of 25
Answers on the Grid
Answers color-coded by a green-red scale on the quiz's grid according to % correct below.
Size of Iceland
Size of Greenland
Population of Iceland
Population of Greenland
Size of Slovakia
Size of Slovenia
Population of London
Population of Istanbul
Size of Brazil
Size of Australia
Size of Africa
Combined size of China, India, and continental USA
Number of islands in Polynesia
Number of islands in Canada
Population of Ethiopia
Population of Egypt
Hindi speaking population of Canada
Hindi speaking population of Fiji
Horse population of Spain
Horse population of Mongolia
Camel population of Saudi Arabia
Camel population of Somalia
Size of Asia
Combined size of Antarctica, Europe, and Australia
Number of trees on Earth
Number of stars in Milky Way Galaxy
Size of Sumatra
Size of Borneo
Population of England
Combined population of Ireland, Scotland, and Wales
Total number of Muslims
Total number of Christians
GDP of South Korea
GDP of Mexico
GDP of Ecuador
Net worth of Elon Musk
GDP per capita of Libya
GDP per capita of Egypt
GDP per capita of Afghanistan
GDP per capita of Burundi
Population of Brazil
Population of the rest of South America
Number of pyramids in Egypt
Number of pyramids in Mexico
US dog population
US cat population
Peak size of Roman Empire
Peak size of Mongol Empire
Total number of transgender women
Total number of transgender men
 
Answer Stats
Answer % Correct
Size of Iceland
100%
Population of Greenland
95%
Size of Slovenia
64%
Population of London
48%
Size of Australia
28%
Combined size of China, India, and continental USA
14%
Number of islands in Polynesia
14%
Population of Egypt
10%
Combined population of Ireland, Scotland, and Wales
3%
Combined size of Antarctica, Europe, and Australia
3%
Hindi speaking population of Canada
3%
Horse population of Spain
3%
Size of Sumatra
3%
Total number of Muslims
3%
GDP per capita of Burundi
2%
GDP per capita of Egypt
2%
Peak size of Roman Empire
2%
Camel population of Saudi Arabia
0%
GDP of Ecuador
0%
GDP of Mexico
0%
Number of pyramids in Mexico
0%
Number of stars in Milky Way Galaxy
0%
Population of Brazil
0%
Total number of transgender men
0%
US cat population
0%
No matching quizzes found
Score Distribution
Percent of People with Each Score
Percentile by Number Answered
Your Score History
You have not taken this quiz